Practical Amplifier Diagrams (E-BOOK) (Record no. 192589)
[ view plain ]
| 000 -LEADER | |
|---|---|
| fixed length control field | 00326 a2200133 4500 |
| 003 - CONTROL NUMBER IDENTIFIER | |
| control field | Nust |
| 005 - DATE AND TIME OF LATEST TRANSACTION | |
| control field | 20170207154040.0 |
| 040 ## - CATALOGING SOURCE | |
| Transcribing agency | Nust |
| 100 ## - MAIN ENTRY--PERSONAL NAME | |
| Personal name | Robin, Jack |
| 245 ## - TITLE STATEMENT | |
| Title | Practical Amplifier Diagrams (E-BOOK) |
| Statement of responsibility, etc. | Jack Robin & Chester E. Lipman, |
| 260 ## - PUBLICATION, DISTRIBUTION, ETC. | |
| Place of publication, distribution, etc. | Os-tronic |
| Name of publisher, distributor, etc. | Los Angeles, |
| Date of publication, distribution, etc. | 1947 |
| 300 ## - PHYSICAL DESCRIPTION | |
| Extent | 104 p |
| 651 ## - SUBJECT ADDED ENTRY--GEOGRAPHIC NAME | |
| Geographic name | E-Book |
| 942 ## - ADDED ENTRY ELEMENTS (KOHA) | |
| Source of classification or shelving scheme | |
| Koha item type | Book |
| Withdrawn status | Lost status | Source of classification or shelving scheme | Damaged status | Not for loan | Collection code | Permanent Location | Current Location | Date acquired | Total Checkouts | Barcode | Date last seen | Price effective from | Koha item type |
|---|---|---|---|---|---|---|---|---|---|---|---|---|---|
| Military College of Signals (MCS) | Military College of Signals (MCS) | 12/12/2016 | MCSEB-2102 | 12/08/2016 | 12/12/2016 | Book |
